000 01298cam a2200277 4500
008 000000n2000 000 0 eng u
020 _a0854069895
022 _a1354-506X
035 _a(Sirsi) u103743
041 _aENG
050 _a711.52095125
_c18
100 _aAdams, David
245 _aUrban Renewal in Hong Kong
_bthe record of the Land Development Corporation.
260 _aLondon
_bRICS Research Foundation
_c2000
300 _a40p.
_bill.
_c30cm.
490 _aRICS Foundation Research Papers
_v3(7)
520 _aEvaluates the record of the Land Development Corporation, established by the Hong Kong Government in 1988 to undertake, encourage, promote and faciliate urban renewal. Concludes, that if the pressing need for comprehensive restructuring and renewal of older Hong Kong is to be taken seriously by the Government of the new Special Administrative Region, then it will be necessary both to ensure proper organisational arrangements for urban renewal and to accord social and environmental considerations equal importance to financial demands in urban policy.
650 _aASIA
650 _aURBAN DEVELOPMENT
650 _aURBAN RENEWAL
650 _aPLANNING
650 _aHONG KONG
690 _aREGENERATION
700 _aHastings, E.M.
942 _n0
999 _c100152
_d100152